[Event "Finkenstein Open"]
[Site "?"]
[Date "2000.08.19"]
[Round "9.14"]
[White "Eichhorn, Alfred"]
[Black "Cordes, Til"]
[Result "1-0"]
[WhiteElo "2122"]
[BlackElo "1516"]
[PlyCount "97"]
[EventDate "2000.??.??"]

1. e4 c5 2. Nf3 d6 3. d4 cxd4 4. Nxd4 Nf6 5. Nc3 g6 6. Be2 Bg7 7. Be3 O-O 8.
O-O Nc6 9. f4 Qb6 10. Na4 Qd8 11. Bf3 Bd7 12. Nc3 Qb6 13. Na4 Qa5 14. c3 Nxd4
15. cxd4 Bxa4 16. b3 Bc6 17. d5 Bb5 18. Rf2 Qc3 19. Bd4 Qa5 20. g4 Rac8 21. h4
a6 22. f5 Qd8 23. Qd2 Be8 24. Kg2 Nd7 25. Bxg7 Kxg7 26. h5 Ne5 27. Rh1 Rh8 28.
hxg6 fxg6 29. Qh6+ Kg8 30. fxg6 Bxg6 31. Rhf1 Qf8 32. Qe3 Kg7 33. Be2 Qe8 34.
g5 Qd7 35. Rf5 Rhf8 36. Qh3 Bxf5 37. exf5 Rc2 38. Qh6+ Kg8 39. g6 Rxe2+ 40. Kg3
e6 41. fxe6 Qg7 42. Rxf8+ Kxf8 43. e7+ Ke8 44. Qxg7 Nxg6 45. Qxh7 Nxe7 46. Qh5+
Kd7 47. Qxe2 Nxd5 48. Qg4+ Kc6 49. Qc4+ 1-0

[Event "Finkenstein Open"]
[Site "?"]
[Date "2000.08.19"]
[Round "9.15"]
[White "Kummer, Heinz"]
[Black "Giessmann, Andreas"]
[Result "0-1"]
[WhiteElo "1878"]
[BlackElo "2072"]
[PlyCount "98"]
[EventDate "2000.??.??"]

1. e4 e6 2. d3 b6 3. Nf3 Bb7 4. Nbd2 d5 5. g3 Nf6 6. e5 Nfd7 7. Bg2 c5 8. O-O
Nc6 9. Re1 g5 10. h4 gxh4 11. Nxh4 Ncxe5 12. Qh5 Bg7 13. Nf5 exf5 14. f4 O-O
15. fxe5 Nxe5 16. Qxf5 Qf6 17. Qh5 Qg6 18. Rxe5 Bxe5 19. Qxe5 Rae8 20. Qf4 Re1+
21. Nf1 Bc6 22. b3 d4 23. Bb2 Rxa1 24. Bxa1 Bxg2 25. Kxg2 Re8 26. Bb2 Re2+ 27.
Kg1 Rxc2 28. Bc1 Rxa2 29. Qb8+ Kg7 30. Bf4 Qe6 31. Qd8 f6 32. Bd6 Re2 33. Qc7+
Qf7 34. Qc8 Re6 35. Bf4 h5 36. Nd2 Qe8 37. Qb7+ Re7 38. Qf3 Re1+ 39. Kf2 Ra1
40. Qb7+ Kg6 41. Qe4+ Qxe4 42. Nxe4 Ra2+ 43. Kf3 Rb2 44. Nd2 Kf5 45. Bh6 a5 46.
Bf4 b5 47. Ne4 Rxb3 48. Nxc5 Rc3 49. Bd6 a4 0-1

[Event "Finkenstein Open"]
[Site "?"]
[Date "2000.08.19"]
[Round "9.16"]
[White "Grom, Waldemar"]
[Black "Vitouch, Anatol"]
[Result "0-1"]
[WhiteElo "1875"]
[BlackElo "2084"]
[PlyCount "106"]
[EventDate "2000.??.??"]

1. c4 Nf6 2. Nc3 c5 3. g3 d5 4. cxd5 Nxd5 5. Bg2 Nc7 6. e3 e5 7. Nge2 Nc6 8.
O-O Be7 9. f4 exf4 10. Nxf4 O-O 11. a3 Ne6 12. Nfd5 Bd6 13. Ne4 Be5 14. Qc2 Ne7
15. Ndc3 f5 16. Nf2 Rb8 17. Rb1 b5 18. Nd3 Bf6 19. Ne2 c4 20. Ndf4 Nc5 21. Nc3
a6 22. a4 g5 23. Nfd5 Nxd5 24. Nxd5 Be6 25. Nxf6+ Qxf6 26. axb5 axb5 27. d4 Nb3
28. Bd2 Rbd8 29. Bc3 Qg6 30. Rbe1 Bd5 31. Bb4 Rf7 32. Qf2 Qe6 33. Bc3 Re8 34.
Bf3 Qc6 35. Bh5 Ree7 36. Bxf7+ Rxf7 37. g4 fxg4 38. Qg3 Bf3 39. e4 Rf4 40. Rxf3
gxf3 41. Qxg5+ Qg6 42. Qxg6+ hxg6 43. Kf2 g5 44. d5 Nc5 45. e5 Nd3+ 46. Ke3
Nxe1 47. Bxe1 Rf5 48. Ke4 f2 49. Bxf2 Rxf2 50. e6 Rxb2 51. d6 Rd2 52. Ke5 Kf8
53. e7+ Ke8 0-1

[Event "Finkenstein Open"]
[Site "?"]
[Date "2000.08.19"]
[Round "9.18"]
[White "Kreisl, Robert"]
[Black "Schlanitz, Egon"]
[Result "1/2-1/2"]
[WhiteElo "1745"]
[BlackElo "2042"]
[PlyCount "87"]
[EventDate "2000.??.??"]

1. e4 g6 2. d4 Bg7 3. c4 d6 4. Nc3 Nf6 5. Nf3 O-O 6. Be2 e5 7. dxe5 dxe5 8.
Qxd8 Rxd8 9. Bg5 Re8 10. Bxf6 Bxf6 11. Nd5 Bd8 12. O-O-O c6 13. Nc3 Nd7 14. Rd2
Bc7 15. Rhd1 Nf8 16. Ne1 Be6 17. a3 Rad8 18. b4 Rxd2 19. Rxd2 Rd8 20. Na4 Rxd2
21. Kxd2 Nd7 22. Kc3 f5 23. f3 fxe4 24. fxe4 Kf7 25. Nd3 Kf6 26. Nac5 Nxc5 27.
Nxc5 Bc8 28. Nd3 Kg5 29. Kd2 h5 30. Ke3 Kh6 31. h3 g5 32. g4 h4 33. Nb2 b6 34.
Kd3 Kg6 35. Nd1 Kf6 36. Ne3 Bd6 37. Kc3 Ke6 38. Bd1 Bb7 39. Bc2 Bf8 40. Kb3 a6
41. Bd3 Kd6 42. Nf5+ Kc7 43. Ne3 Bc8 44. Kc3 1/2-1/2

[Event "Finkenstein Open"]
[Site "?"]
[Date "2000.08.19"]
[Round "9.20"]
[White "Piber, Vinko"]
[Black "Thallinger, Werner"]
[Result "1-0"]
[WhiteElo "2024"]
[BlackElo "1855"]
[PlyCount "89"]
[EventDate "2000.??.??"]

1. e4 c5 2. c3 d6 3. d4 b6 4. Nf3 g6 5. Qb3 h6 6. Qd5 Bd7 7. Na3 Nc6 8. e5 e6
9. Qb3 dxe5 10. dxe5 Bg7 11. Bf4 Nge7 12. O-O-O O-O 13. Bc4 Na5 14. Qc2 Qe8 15.
Qd2 Bc6 16. Bxh6 b5 17. Bxg7 Kxg7 18. Be2 Rb8 19. h4 Rh8 20. h5 Bd5 21. h6+ Kf8
22. g4 Bxf3 23. h7 Nd5 24. Bxf3 b4 25. Bxd5 bxa3 26. b4 cxb4 27. Qh6+ Ke7 28.
Qg5+ Kd7 29. Bxe6+ Kc7 30. Rd7+ Kc6 31. Rxf7 bxc3 32. Bd7+ Qxd7 33. Rxd7 Kxd7
34. Rd1+ Kc7 35. Qe7+ Kb6 36. Qb4+ Ka6 37. Rd6+ Rb6 38. Qxc3 Rxh7 39. Qd3+ Kb7
40. Qxg6 Rh1+ 41. Kd2 Rb2+ 42. Kd3 Rd1+ 43. Ke4 Re2+ 44. Kf3 Rdd2 45. Qf7+ 1-0

[Event "Finkenstein Open"]
[Site "?"]
[Date "2000.08.19"]
[Round "9.23"]
[White "Gaab, Wolfgang"]
[Black "Legat, Albert"]
[Result "0-1"]
[WhiteElo "1849"]
[BlackElo "1913"]
[PlyCount "62"]
[EventDate "2000.??.??"]

1. d4 d5 2. Nf3 g6 3. b3 Bg7 4. Bb2 Nf6 5. Nbd2 O-O 6. Ne5 Nbd7 7. f4 Nxe5 8.
fxe5 Ng4 9. Nf3 Ne3 10. Qd2 Bh6 11. Qc3 Bf5 12. Rc1 f6 13. h4 Bf4 14. h5 Nxf1
15. Kxf1 Bxc1 16. Bxc1 g5 17. Qe3 h6 18. c3 Be4 19. Kg1 a5 20. Ba3 b5 21. exf6
Rxf6 22. Bc5 Qd7 23. Rh3 Kh7 24. Rg3 Rg8 25. Ne5 Qe6 26. Rg4 Rg7 27. Rxe4 dxe4
28. Qxe4+ Qf5 29. Qb7 Qf2+ 30. Kh1 Rf4 31. Nf3 Rg4 0-1